Statistics for Most Populated Cities In New England

Click here to take the quiz!

General Stats

  • This quiz has been taken 24 times
  • The average score is 8 of 10

Answer Stats

PopAnswer% Correct
655,884Boston
100%
124,893Hartford
91%
179,207Providence
91%
110,448Manchester
73%
153,060Springfield
73%
184,815Worcester
73%
147,629Bridgeport
68%
131,024New Haven
68%
109,945Lowell
59%
130,824Stamford
55%

Score Distribution

Percentile by Number Answered

Percent of People with Each Score

Your Score History

You have not taken this quiz